Ética i estética / (Registro nro. 7217)

Detalles MARC
000 -LIDER
fixed length control field 00954nam a2200313 u 4500
001 - NÚMERO DE CONTROL
Identificador de número de control 000020370
003 - IDENTIFICACDOR DE NÚMERO DE CONTROL
control field DO-SdBNP
005 - DATE AND TIME OF LATEST TRANSACTION
control field 20171103133714.0
007 - CAMPOS FIJOS DE DESCRIPCIÓN FÍSICA
fixed length control field 000020370
008 - ELEMENTOS DE LONGITUD FIJA
fixed length control field 100806s1986 dr r 000 0 spa d
040 ## - FUENTE DE CATALOGACIÓN
Agencia que crea de manera original el registro BPMSU
Idioma de catalogación spa
Agencia que realiza la transcripción BPMSU
082 04 - NÚMERO DE CLASIFICACIÓN DECIMAL DE DEWEY
Classification number RD864.4
Item number H519e
100 1# - ASIENTO PRINCIPAL -- NOMBRE PERSONAL
Nombre personal Henríquez I Carvajal, Federico
Fechas asociadas con el nombre 1848-1952
245 10 - MENCIÓN DE TITULO
Título Ética i estética /
Mención de responsabilidad Federico Henríquez I Carvajal ; presentación Cándido Gerón.
260 ## - PUBLICACIÓN, DISTRIBUCIÓN, ETC. (PIE DE IMPRENTA)
Lugar de publicación, distribución, etc Santo Domingo :
Nombre del editor, distribuidor, etc. Biblioteca Nacional,
Fecha de publicación, distribución, etc 1986.
300 ## - DESCRIPCIÓN FÍSICA
Extensión 2v.
Dimensiones 23 cm.
490 1# - MENCIÓN DE SERIES
Mención de serie Orfeo
505 0# - NOTA DE CONTENIDO
Información miscelánea v. 1.
Título Páginas breves --
505 0# - NOTA DE CONTENIDO
Información miscelánea v. 2.
Título Almas y libros --
650 #4 - ENCABEZAMIENTO DE MATERIA--TEMÁTICO
Término temático o nombre geográfico como elemento de entrada ENSAYOS DOMINICANOS
650 #4 - ENCABEZAMIENTO DE MATERIA--TEMÁTICO
Término temático o nombre geográfico como elemento de entrada CRÍTICA LITERARIA
650 #4 - ENCABEZAMIENTO DE MATERIA--TEMÁTICO
Término temático o nombre geográfico como elemento de entrada LITERATURA HISPANOAMERICANA
700 1# - ASIENTO SECUNDARIO -- NOMBRE PERSONAL
Término de relación Gerón, Candido
830 #0 - ASIENTO SECUNDARIO DE SERIE--TÍTULO UNIFORME
Título uniforme Orfeo
910 ## - VALIDACIÓN
Validación Validado. Control de calidad MFF
942 ## - ADDED ENTRY ELEMENTS (KOHA)
Source of classification or shelving scheme Dewey Decimal Classification
Koha item type Libros
945 ## - INFORMACIÓN DE PROCESAMIENTO LOCAL
Información de procesamiento local Inventariado, 2017/MFF
956 ## - LOCAL ELECTRONIC LOCATION AND ACCESS (OCLC)
Nombre de host VMATEO
Número de acceso 10
Información de compresión 20100810
Inicio de sesión BPMSU
Procesador de solicitud 0069
Existencias
Withdrawn status Lost status Source of classification or shelving scheme Damaged status Not for loan Collection code Home library Current library Date acquired Total Checkouts Full call number Barcode Date last seen Price effective from Koha item type Source of acquisition
    Dewey Decimal Classification     Colección Dominicana Biblioteca Pública Metropolitana Salomé Ureña Biblioteca Pública Metropolitana Salomé Ureña 01/23/2015   RD864.4 H519e v. 2 BPMSU15040720 01/23/2015 01/23/2015 Libros  
    Dewey Decimal Classification     Colección Dominicana Biblioteca Pública Metropolitana Salomé Ureña Biblioteca Pública Metropolitana Salomé Ureña 10/18/2017   RD864.4 H519e v.1 BPMSU17100051 10/18/2017 10/18/2017 Libros Donado